Estatísticas para Capitais mundiais mais próximas de Argel

Clique aqui para jogar o quiz

Estatísticas Gerais

  • Esse quiz foi jogado 25 vezes
  • A pontuação média é 15 de 20

Estatísticas das Respostas

kmcapital% Correto
720Madrid
100%
993Roma
100%
1100Lisboa
95%
953Rabat
95%
1352Paris
90%
1017Trípoli
90%
631Tunes
90%
990Vaticano
90%
863Mônaco
86%
1125San Marino
81%
1195Berna
67%
1026Valeta
67%
658Andorra-
a-Velha
62%
1407Liubliana
57%
1476Zagreb
57%
1457Luxemburgo
52%
1275Vaduz
52%
1520Sarajevo
43%
1531Londres
38%
1522Podgorica
38%

Distribuição das Pontuações

Percentil de Números Respondidos

Porcentagem de Pessoas com Cada Pontuação

Sua Pontuação Histórica

Você não jogou esse quiz